Quy hoạch động và ứng dụng giải một số bài toán cho học sinh chuyên tin
Tổng quan về quy hoạch động. Cài đặt một số bài toán ứng dụng quy hoạch động. Nghiên cứu về tài liệu ôn thi và các đề thi học sinh giỏi tin học trung học phổ thông một số năm. Ứng dụng vào việc ôn thi học sinh giỏi tin học cho học sinh trung học phổ thông....
Spremljeno u:
| Glavni autor: | |
|---|---|
| Daljnji autori: | |
| Format: | Knjiga |
| Izdano: |
Đà Nẵng
Đại học Sư phạm, Đại học Đà Nẵng
2012
|
| Teme: | |
| Oznake: |
Dodaj oznaku
Bez oznaka, Budi prvi tko označuje ovaj zapis!
|
| Thư viện lưu trữ: | Mạng thư viện Đại học Đà Nẵng |
|---|
| LEADER | 01852nam a2200337 4500 | ||
|---|---|---|---|
| 001 | 000017314 | ||
| 003 | 13730 | ||
| 005 | 20130328140328.0 | ||
| 008 | 130328s2012 sd | ||
| 082 | |a 519 |b TR-Đ | ||
| 100 | 1 | |a Trần Văn Đồng | |
| 245 | |a Quy hoạch động và ứng dụng giải một số bài toán cho học sinh chuyên tin |c Trần Văn Đồng ; Trần Quốc Chiến hướng dẫn |k Khóa luận tốt nghiệp | ||
| 260 | |a Đà Nẵng |b Đại học Sư phạm, Đại học Đà Nẵng |c 2012 | ||
| 300 | |a 53 tr. |b Hình mh. |c 29 cm. |e Đĩa CD, bản tóm tắt | ||
| 500 | |a Khóa luận tốt nghiệp đại học. Chuyên ngành: Sư phạm Tin | ||
| 504 | |a Mục lục đầu trang, tài liệu tham khảo tr. 73 - 74, phụ lục [13 tr.] | ||
| 520 | |a Tổng quan về quy hoạch động. Cài đặt một số bài toán ứng dụng quy hoạch động. Nghiên cứu về tài liệu ôn thi và các đề thi học sinh giỏi tin học trung học phổ thông một số năm. Ứng dụng vào việc ôn thi học sinh giỏi tin học cho học sinh trung học phổ thông. | ||
| 600 | 1 | 4 | |b Vua |c Đinh Tiên Hoàng |
| 650 | 0 | 4 | |a Quy hoạch động |a Giáo dục |v Khóa luận tốt nghiệp |x Ứng dụng |
| 653 | |a Khoa Tin |a Quy hoạch động |a Ứng dụng giải toán | ||
| 700 | |a Trần Quốc Chiến |c PGS.TSKH | ||
| OWN | |a LSP | ||
| AVA | |a UDN50 |b LSP |d 519 TR-Đ |e available |t Error 5001 Not defined in file expand_doc_bib_avail. |f 1 |g 0 |h N |i 0 |k 1 | ||
| 999 | |a From the UDN01 | ||
| AVA | |a UDN50 |b LSP |d 519 TR-Đ |e available |t Error 5001 Not defined in file expand_doc_bib_avail. |f 1 |g 0 |h N |i 0 |k 1 | ||
| TYP | |a Monograph | ||
| TYP | |a Printed language | ||
| 980 | |a Mạng thư viện Đại học Đà Nẵng | ||